000
00329nam a2200145 a 4500
008
970626s1975||||xx 0 und c
040
_a
SNK
_b
slo
_c
SNK
_e
AACR2
100
1
_a
Mannová, Marta
245
1
0
_a
Výšivky
260
_a
Bratislava
_b
Práca
_c
1975
300
_a
147 s.
020
_c
50
041
_a
slo
044
_a
xo
_c
SK
999
_c
19733
_d
19733